| 000 | 00442nam a22001697a 4500 | ||
|---|---|---|---|
| 003 | CEME | ||
| 005 | 20210628210738.0 | ||
| 008 | 210106b xxu||||| |||| 00| 0 eng d | ||
| 020 | _a9781598291391 | ||
| 040 | _c. | ||
| 082 | _a610.28 PAP | ||
| 100 |
_aPapazoglou, Elisabeth S,Parthasarathy, Aravind _980814 |
||
| 245 | _aBio nanotechnology | ||
| 260 |
_aUK _bMORGAN & CLAYPOOL PUBLISHERS _c2007 |
||
| 300 | _aVIII, 139P | ||
| 942 |
_cBK _2ddc |
||
| 999 |
_c585683 _d585683 |
||